Recomendación de mejora en los procedimientos de prácticas experimentales en comunicación por fibra óptica para el Laboratorio de Fotónica y Tecnología Láser LAFTLA
Guardado en:
| Autor principal: | |
|---|---|
| Otros Autores: | |
| Formato: | Libro |
| Lenguaje: | Spanish |
| Publicado: |
[San José, Costa Rica]
2012
|
| Materias: | |
| Etiquetas: |
Agregar Etiqueta
Sin Etiquetas, Sea el primero en etiquetar este registro!
|
MARC
| LEADER | 00000nam a22000007a 4500 | ||
|---|---|---|---|
| 003 | 011684 | ||
| 005 | 20230828151611.0 | ||
| 008 | 151007b2013 cr a|||| |||| 00| ||spa d | ||
| 040 | |c cru CEDI | ||
| 090 | |a TFG 6854 | ||
| 100 | |9 1347 |a Calvo Brenes, Rodrigo Xavier | ||
| 245 | |a Recomendación de mejora en los procedimientos de prácticas experimentales en comunicación por fibra óptica para el Laboratorio de Fotónica y Tecnología Láser LAFTLA | ||
| 260 | |a [San José, Costa Rica] |c 2012 | ||
| 300 | |a xviii, 70 páginas : ilustraciones (algunas a color) | ||
| 500 | |a Tesis (licenciatura en ingeniería eléctrica)--Universidad de Costa Rica. Facultad de Ingeniería. Escuela de Ingeniería Eléctrica | ||
| 501 | |a Director de Tesis de Graduación: Ing. Luis Diego Marín Naranjo, MSc. | ||
| 610 | 0 | |9 1252 |a UNIVERSIDAD DE COSTA RICA. FACULTAD DE INGENIERIA. ESCUELA DE INGENIERÍA ELECTRICA. LABORATORIO DE FOTÓNICA Y TECNOLOGÍA LÁSER APLICADA | |
| 650 | |x FIBRA OPTICA - PRUEBAS |x COMUNICACIONES OPTICAS |x SISTEMAS DE TELECOMUNICACION |x SISTEMAS DE COMUNICACION POR LASERS |x MATERIALES OPTICOS |9 1348 | ||
| 700 | |9 326 |a Marín Naranjo, Luis Diego, 1960- |d Director del TFG | ||
| 942 | |c CEDI | ||
| 999 | |c 14090 |d 14090 | ||
